| 000 | 00689nam a2200205Ii 4500 | ||
|---|---|---|---|
| 003 | JO-AjNU | ||
| 008 | 230605s9999||||xx |||||||||||||| ||und|| | ||
| 040 |
_aJO-AjNU _bara _erda _cJO-AjNU |
||
| 041 | _aara | ||
| 050 | 1 | 4 | _aBP195.A5.M385 1991 |
| 100 | 3 |
_aالبنوري، محمد يوسف, _eauthor _98547 |
|
| 245 | 0 | 0 | _aموقف الأمة الإسلامية من القاديانية |
| 250 | _aط1 | ||
| 264 | 3 | 1 | _aبيروت- دمشق: دار قتيبة للطباعة والنشر والتوزيع، 1991 |
| 300 | _a185ص | ||
| 336 |
_atext _btxt _2rdacontent |
||
| 337 |
_aunmediated _bn _2rdamedia |
||
| 338 |
_avolume _bnc _2rdacarrier |
||
| 650 | 4 |
_aالقاديانية _98548 |
|
| 999 |
_aA844 _c4412 _d4412 |
||